[Event "Kuwait Blitz (Women) op"]
[Site "Kuwait"]
[Date "2023.12.01"]
[Round "5"]
[White "Al Maamari, Wafia Darwish"]
[Black "Al Khelaifi, Kholoud"]
[Result "1-0"]
[WhiteElo "1775"]
[BlackElo "1377"]
[PlyCount "83"]
[EventDate "2023.12.01"]
[EventType "swiss (blitz)"]
[EventRounds "9"]
[EventCountry "KUW"]
[SourceTitle "CB50_2023"]
[SourceDate "2023.12.13"]
[SourceVersion "1"]
[SourceVersionDate "2023.12.13"]
[SourceQuality "1"]

1. Nf3 c6 2. b3 d5 3. Bb2 Bf5 4. g3 Nd7 5. Bg2 Qc7 6. d3 e5 7. Nbd2 d4 8. c3 c5 9. cxd4 exd4 10. Rc1 Qd8 11. Nh4 Be6 12. Bxb7 Rb8 13. Bg2 Ngf6 14. 0-0 Be7 15. Nhf3 0-0 16. Ng5 Bd5 17. Ngf3 Qa5 18. Ra1 Nb6 19. Nc4 Qa6 20. Qd2 Bxc4 21. dxc4 Rfe8 22. Qc2 Bd6 23. Rfe1 Rbd8 24. Ng5 g6 25. Qd3 Be7 26. Nf3 Qb7 27. Rad1 Qd7 28. Ne5 Qe6 29. Nc6 Rd7 30. a4 Bd6 31. e3 dxe3 32. Rxe3 Qg4 33. Bf3 Qg5 34. Bxf6 Qxf6 35. Rxe8+ Kg7 36. Qe4 Bc7 37. Rxd7 Nxd7 38. Qe7 Qa1+ 39. Kg2 Ne5 40. Nxe5 Bxe5 41. Qxe5+ Qxe5 42. Rxe5 1-0

[Event "Kuwait Blitz (Women) op"]
[Site "Kuwait"]
[Date "2023.12.01"]
[Round "2"]
[White "Lamya, Al Areqi"]
[Black "Al Maamari, Wafia Darwish"]
[Result "0-1"]
[WhiteElo "1267"]
[BlackElo "1775"]
[PlyCount "76"]
[EventDate "2023.12.01"]
[EventType "swiss (blitz)"]
[EventRounds "9"]
[EventCountry "KUW"]
[SourceTitle "CB50_2023"]
[SourceDate "2023.12.13"]
[SourceVersion "1"]
[SourceVersionDate "2023.12.13"]
[SourceQuality "1"]

1. e4 c5 2. Nc3 Nc6 3. Nf3 g6 4. Be2 Bg7 5. h3 e6 6. d3 Nge7 7. 0-0 0-0 8. a3 d5 9. exd5 exd5 10. Rb1 Nf5 11. Nh2 Nfd4 12. Bf3 Nxf3+ 13. Qxf3 Be6 14. Ng4 Nd4 15. Qd1 Qc7 16. Be3 a6 17. Bh6 Bxg4 18. Qxg4 Bxh6 19. Nxd5 Qd6 20. c4 f5 21. Qh4 g5 22. Qh5 Rf7 23. Rbe1 Kg7 24. Qd1 f4 25. f3 Nf5 26. Rf2 Ne3 27. Qd2 Nxd5 28. cxd5 Qxd5 29. Rfe2 Rd8 30. Qc3+ Qd4+ 31. Qxd4+ Rxd4 32. Rd2 Rfd7 33. Red1 c4 34. Kf2 Rxd3 35. Rxd3 Rxd3 36. Rc1 b5 37. Ke2 Kf7 38. Rc2 Bg7 0-1

[Event "Asia-ch Amateur (Women)"]
[Site "Dubai"]
[Date "2023.09.03"]
[Round "9"]
[White "Eman, Sawan"]
[Black "Al Maamari, Wafia Darwish"]
[Result "0-1"]
[WhiteElo "1739"]
[BlackElo "1882"]
[PlyCount "64"]
[EventDate "2023.08.28"]
[EventType "swiss"]
[EventRounds "9"]
[EventCountry "UAE"]
[SourceTitle "EXT 2024"]
[Source "ChessBase"]
[SourceDate "2023.10.10"]
[SourceVersion "1"]
[SourceVersionDate "2023.10.10"]
[SourceQuality "1"]

1. e4 c5 2. Nf3 e6 3. d4 cxd4 4. Nxd4 Nf6 5. Bd3 Nc6 6. Nxc6 bxc6 7. 0-0 d5 8. e5 Nd7 9. Re1 Be7 10. Qg4 g6 11. Nd2 Qc7 12. Qg3 Nc5 13. Bf1 a5 14. c4 Ba6 15. b3 h5 16. Qe3 Nd7 17. Bb2 Bc5 18. Bd4 Ba3 19. cxd5 cxd5 20. Nb1 Be7 21. Rc1 Qb7 22. Bxa6 Rxa6 23. Nc3 0-0 24. a4 Qxb3 25. Rab1 Qa3 26. Qd3 Rc6 27. Qb5 Rfc8 28. Rc2 Bb4 29. Ra2 Rxc3 30. Bxc3 Qxa2 31. Rf1 Bxc3 32. Qxd7 Qc4 0-1

[Event "FIDE World Cup (Women)"]
[Site "Baku"]
[Date "2023.07.31"]
[Round "1.2"]
[White "Al Maamari, Wafia Darwish"]
[Black "Garifullina, Leya"]
[Result "1/2-1/2"]
[WhiteElo "1850"]
[BlackElo "2408"]
[PlyCount "100"]
[EventDate "2023.07.30"]
[EventType "k.o."]
[EventRounds "7"]
[EventCountry "AZE"]
[SourceTitle "EXT 2024"]
[Source "ChessBase"]
[SourceDate "2023.10.10"]
[SourceVersion "1"]
[SourceVersionDate "2023.10.10"]
[SourceQuality "1"]

1. Nf3 d5 2. c4 d4 3. b4 f6 4. Na3 e5 5. Nc2 c5 6. bxc5 Nc6 7. d3 Bxc5 8. g3 Nge7 9. Bg2 0-0 10. 0-0 Be6 11. Nd2 f5 12. Nb3 Bd6 13. Ba3 Bxa3 14. Nxa3 Ng6 15. Nc5 Bc8 16. Qb3 Qc7 17. Nb5 Qe7 18. Na4 Kh8 19. c5 Be6 20. Qa3 e4 21. Nd6 Nge5 22. dxe4 f4 23. Nb2 Qg5 24. Nd3 fxg3 25. hxg3 Qh6 26. Qc1 g5 27. f3 Nxd3 28. exd3 Ne5 29. Qd2 Rf6 30. Qb4 Qg7 31. Qxb7 Qxb7 32. Nxb7 Raf8 33. Nd6 Nxd3 34. c6 Ne5 35. c7 Bd7 36. Nf5 Bxf5 37. exf5 Rc8 38. Rac1 Rf7 39. Rc5 Nd7 40. Rc4 Nf6 41. Rd1 Rcxc7 42. Rdxd4 Rb7 43. Rd2 h5 44. Kf2 Kg7 45. Ra4 Rb5 46. Bh3 a5 47. Rc2 Re7 48. Rac4 Reb7 49. Ke3 Re7+ 50. Kf2 Reb7 1/2-1/2

[Event "FIDE World Cup (Women)"]
[Site "Baku"]
[Date "2023.07.30"]
[Round "1.1"]
[White "Garifullina, Leya"]
[Black "Al Maamari, Wafia Darwish"]
[Result "1-0"]
[WhiteElo "2408"]
[BlackElo "1850"]
[PlyCount "99"]
[EventDate "2023.07.30"]
[EventType "k.o."]
[EventRounds "7"]
[EventCountry "AZE"]
[SourceTitle "EXT 2024"]
[Source "ChessBase"]
[SourceDate "2023.10.10"]
[SourceVersion "1"]
[SourceVersionDate "2023.10.10"]
[SourceQuality "1"]

1. e4 c5 2. Nf3 e6 3. d4 cxd4 4. Nxd4 Nf6 5. Nc3 Nc6 6. Ndb5 Bb4 7. a3 Bxc3+ 8. Nxc3 d5 9. exd5 exd5 10. Bd3 0-0 11. 0-0 d4 12. Ne2 Bg4 13. Bg5 h6 14. Bh4 Bxe2 15. Bxe2 Re8 16. Re1 Re4 17. Bg3 Qb6 18. b4 Rae8 19. Qd2 a6 20. Bd3 Rxe1+ 21. Rxe1 Qd8 22. h3 Re7 23. Qd1 Qe8 24. Rxe7 Qxe7 25. Qf3 Qe6 26. Kh2 Qd5 27. Qf4 Kf8 28. a4 Ke7 29. b5 axb5 30. axb5 Nd8 31. Qc7+ Nd7 32. Be2 Ne6 33. Qc8 Ne5 34. f4 Nd7 35. Bc4 Qc5 36. Qxc5+ Nexc5 37. Bf2 Nb6 38. Ba2 Ne6 39. f5 Nc7 40. Bxd4 Nd7 41. Bxg7 Nxb5 42. g4 f6 43. Bxh6 Nc3 44. Bb3 Nc5 45. Kg2 b5 46. h4 b4 47. Be3 Nxb3 48. cxb3 Kf7 49. Kf3 Nd5 50. Bd4 1-0

[Event "Olympiad Women-44"]
[Site "Chennai"]
[Date "2022.08.08"]
[Round "10.2"]
[White "Molina, Jessica"]
[Black "Al Maamari, Wafia Darwish"]
[Result "0-1"]
[WhiteElo "1889"]
[BlackElo "1841"]
[PlyCount "138"]
[EventDate "2022.07.29"]
[EventType "team-swiss"]
[EventRounds "11"]
[EventCountry "IND"]
[SourceTitle "CBM 210"]
[Source "ChessBase"]
[SourceDate "2022.10.31"]
[SourceVersion "1"]
[SourceVersionDate "2022.10.31"]
[SourceQuality "1"]
[WhiteTeam "Bolivia (W)"]
[BlackTeam "United Arab Emirates (W)"]
[WhiteTeamCountry "BOL"]
[BlackTeamCountry "UAE"]

1. d4 Nf6 2. Nf3 d5 3. Bf4 c6 4. c3 Qb6 5. Qb3 Bf5 6. Nbd2 h6 7. e3 Nbd7 8. h3 e6 9. Ne5 Nxe5 10. Bxe5 Nd7 11. Bg3 Be7 12. f3 Nf6 13. Qxb6 axb6 14. Bc7 b5 15. g4 Bh7 16. h4 Kd7 17. Be5 Rhg8 18. Be2 Ne8 19. e4 f6 20. Bg3 Nd6 21. Bd3 Nc4 22. b3 Nxd2 23. Kxd2 dxe4 24. fxe4 Ra3 25. Kc2 Rga8 26. Kb2 b4 27. c4 b6 28. Rhd1 R8a5 29. Bf2 Bd6 30. Bc2 Ke7 31. e5 Bxc2 32. exd6+ Kd7 33. Rdc1 Be4 34. c5 bxc5 35. dxc5 Bd5 36. Be1 Rb5 37. Bxb4 Ra8 38. Bd2 e5 39. b4 Ra4 40. a3 Rb7 41. g5 hxg5 42. hxg5 Ke6 43. Rg1 f5 44. Rae1 Ra5 45. Be3 g6 46. Bd4 Be4 47. Be3 Ra4 48. Kb3 Rba7 49. Bc1 Bd5+ 50. Kc3 Rh7 51. Rg3 Rh4 52. Rge3 e4 53. R1e2 Rh1 54. Bb2 Rh5 55. Rd2 Ra7 56. Rde2 Rxg5 57. Rh2 f4 58. Reh3 Rf7 59. Rh7 Rg3+ 60. Kd2 Rd3+ 61. Kc1 Bb3 62. Bh8 f3 63. Rxf7 Kxf7 64. Be5 e3 65. Rh7+ Ke6 66. Re7+ Kf5 67. Bg3 f2 68. Rxe3 f1Q+ 69. Re1 Rd1+ 0-1

[Event "Olympiad Women-44"]
[Site "Chennai"]
[Date "2022.08.05"]
[Round "7.2"]
[White "Al Maamari, Wafia Darwish"]
[Black "Sitoe, Cheila Andre"]
[Result "1-0"]
[WhiteElo "1841"]
[BlackElo "1574"]
[PlyCount "145"]
[EventDate "2022.07.29"]
[EventType "team-swiss"]
[EventRounds "11"]
[EventCountry "IND"]
[SourceTitle "CBM 210"]
[Source "ChessBase"]
[SourceDate "2022.10.31"]
[SourceVersion "1"]
[SourceVersionDate "2022.10.31"]
[SourceQuality "1"]
[WhiteTeam "United Arab Emirates (W)"]
[BlackTeam "Mozambique (W)"]
[WhiteTeamCountry "UAE"]
[BlackTeamCountry "MOZ"]

1. e4 c5 2. Nf3 d6 3. d4 cxd4 4. Nxd4 Nf6 5. Nc3 a6 6. f4 e6 7. Qf3 Qc7 8. g4 e5 9. Nf5 g6 10. Ne3 exf4 11. Ned5 Nxd5 12. Nxd5 Qd8 13. Bxf4 Bg7 14. 0-0-0 0-0 15. h4 Nc6 16. g5 Be6 17. Bxd6 Qa5 18. Bxf8 Rxf8 19. a3 Ne5 20. Qc3 Qa4 21. Qb4 Qxb4 22. Nxb4 Bg4 23. Re1 Nf3 24. Re3 Nd4 25. c3 Nb3+ 26. Kc2 Na5 27. b3 Rd8 28. Bh3 Bh5 29. Rf1 Be5 30. a4 b5 31. axb5 axb5 32. Nd5 Nc6 33. Ra1 b4 34. Rd3 Rb8 35. Bd7 Nd8 36. Nxb4 Rxb4 37. Ra5 Rxe4 38. Ra8 Bc7 39. Rc8 Bb6 40. Rd6 Re2+ 41. Kb1 Bf2 42. Rxd8+ Kg7 43. Re8 Bxh4 44. Rxe2 Bxe2 45. Rd5 Bf3 46. Re5 h6 47. gxh6+ Kxh6 48. Re3 Bb7 49. c4 f5 50. c5 f4 51. Rh3 Be4+ 52. Kc1 Kg5 53. c6 Bf2 54. c7 Bb7 55. c8Q Bxc8 56. Bxc8 Be3+ 57. Kd1 Kf6 58. Ke2 Ke5 59. Rxe3+ fxe3 60. Kxe3 g5 61. Kf3 Kd4 62. Kg4 Kc3 63. Be6 Kb4 64. Kxg5 Kb5 65. Kf4 Kb6 66. Ke4 Ka7 67. Kd5 Kb8 68. Kc6 Ka7 69. b4 Kb8 70. b5 Ka7 71. b6+ Kb8 72. b7 Ka7 73. Kc7 1-0

[Event "Asia-ch U20 Girls"]
[Site "Waskaduwa"]
[Date "2021.12.19"]
[Round "4"]
[White "Al Maamari, Wafia Darwish"]
[Black "Mohammadi, Melika"]
[Result "0-1"]
[WhiteElo "1923"]
[BlackElo "1807"]
[PlyCount "70"]
[EventDate "2021.12.17"]
[EventType "swiss"]
[EventRounds "9"]
[EventCountry "SRI"]
[SourceTitle "CBM 206 Extra"]
[Source "ChessBase"]
[SourceDate "2022.03.31"]
[SourceVersion "1"]
[SourceVersionDate "2022.03.31"]
[SourceQuality "1"]

1. e4 e5 2. Nf3 Nc6 3. Bb5 a6 4. Ba4 Nf6 5. 0-0 Be7 6. Re1 b5 7. Bb3 0-0 8. h3 Bb7 9. c3 d5 10. exd5 Nxd5 11. d4 exd4 12. Nxd4 Nxd4 13. Qxd4 Bf6 14. Qd3 Re8 15. Rd1 Qe7 16. Bc2 g6 17. a4 Rad8 18. Qf1 Bg5 19. g3 Bxc1 20. Rxc1 Qg5 21. h4 Qg4 22. Bd1 Qf5 23. Bc2 Qe5 24. Na3 Ne3 25. Qh3 Rd2 26. Re1 Qf6 27. Bf5 Qc6 28. Bg4 Nxg4 29. Rxe8+ Qxe8 30. Qxg4 Qc6 31. Qh3 Qf3 32. Rf1 Rd1 33. Nc2 Rxf1+ 34. Kxf1 Qd3+ 35. Ke1 Bf3 0-1

[Event "Arab-ch (Women)"]
[Site "Abu Dhabi"]
[Date "2021.12.03"]
[Round "9"]
[White "Mezioud, Amina"]
[Black "Al Maamari, Wafia Darwish"]
[Result "0-1"]
[WhiteElo "2077"]
[BlackElo "1923"]
[PlyCount "58"]
[EventDate "2021.11.26"]
[EventType "swiss"]
[EventRounds "9"]
[EventCountry "UAE"]
[SourceTitle "CBM 205 Extra"]
[Source "ChessBase"]
[SourceDate "2022.01.31"]
[SourceVersion "1"]
[SourceVersionDate "2022.01.31"]
[SourceQuality "1"]

1. d4 d5 2. c4 e6 3. Nc3 Nf6 4. e3 c6 5. Nf3 Bd6 6. Bd3 dxc4 7. Bxc4 b5 8. Be2 Bb7 9. 0-0 0-0 10. a3 Nbd7 11. b4 Qe7 12. Bb2 a5 13. bxa5 Rxa5 14. a4 b4 15. Nb1 Rfa8 16. Nbd2 Nb6 17. Nc4 Nxc4 18. Bxc4 c5 19. dxc5 Rxc5 20. Bb3 Rd8 21. Bd4 Rh5 22. g3 Ng4 23. Qe2 Nxh2 24. Nxh2 Rxh2 25. e4 Bxg3 26. Qg4 Rxd4 27. Qxg3 Rh6 28. Bd1 Rg6 29. Bg4 h5 0-1

[Event "Arab-ch (Women)"]
[Site "Abu Dhabi"]
[Date "2021.11.26"]
[Round "1"]
[White "Lamya, Al Areqi"]
[Black "Al Maamari, Wafia Darwish"]
[Result "0-1"]
[WhiteElo "1237"]
[BlackElo "1923"]
[PlyCount "59"]
[EventDate "2021.11.26"]
[EventType "swiss"]
[EventRounds "9"]
[EventCountry "UAE"]
[SourceTitle "CBM 205 Extra"]
[Source "ChessBase"]
[SourceDate "2022.01.31"]
[SourceVersion "1"]
[SourceVersionDate "2022.01.31"]
[SourceQuality "1"]

1. e4 c5 2. Nc3 Nc6 3. f4 g6 4. Nf3 Bg7 5. Be2 d6 6. 0-0 e6 7. d3 Nge7 8. a3 0-0 9. Qe1 Nd4 10. Nxd4 cxd4 11. Nd1 f5 12. Bf3 Rb8 13. Rb1 Qc7 14. c3 Bd7 15. Bd2 Rbc8 16. cxd4 Qc2 17. Nf2 Bxd4 18. Be3 Qc5 19. Bxd4 Qxd4 20. Qd1 Ba4 21. b3 Bc6 22. Qe2 fxe4 23. Bxe4 Nd5 24. Kh1 Nc3 25. Qg4 Nxb1 26. Qxe6+ Kh8 27. Ng4 Rce8 28. Qc4 Qxc4 29. bxc4 Bxe4 30. dxe4 0-1

[Event "Sharjah Blitz op"]
[Site "Sharjah"]
[Date "2021.05.01"]
[Round "7.11"]
[White "Sabirova, Shakhnoza"]
[Black "Al Maamari, Wafia Darwish"]
[Result "0-1"]
[WhiteElo "1919"]
[BlackElo "1928"]
[PlyCount "82"]
[EventDate "2021.05.01"]
[EventType "swiss (blitz)"]
[EventRounds "9"]
[EventCountry "UAE"]
[SourceTitle "CBM 202 Extra"]
[Source "ChessBase"]
[SourceDate "2021.07.31"]
[SourceVersion "1"]
[SourceVersionDate "2021.07.31"]
[SourceQuality "1"]

1. e4 c5 2. Nc3 Nc6 3. g3 g6 4. Bg2 Bg7 5. d3 e5 6. f4 Nge7 7. Nf3 d6 8. 0-0 0-0 9. f5 gxf5 10. Nh4 f4 11. gxf4 exf4 12. Bxf4 Ng6 13. Qh5 Qxh4 14. Qxh4 Nxh4 15. Bxd6 Bd4+ 16. Kh1 Re8 17. Nd5 Nxg2 18. Kxg2 Re6 19. Bg3 Rh6 20. h4 Be6 21. c3 Bg7 22. Rae1 Rg6 23. Kh2 Rd8 24. c4 Bxd5 25. cxd5 Ne5 26. h5 Rh6 27. Rf5 Nxd3 28. Ref1 Rd7 29. d6 Rhxd6 30. Bxd6 Rxd6 31. Rxf7 Rb6 32. Rd7 Rxb2+ 33. Kh3 Ne5 34. Rg1 Nxd7 35. h6 Nf6 36. Rxg7+ Kf8 37. e5 Ne4 38. Rxh7 Ng5+ 39. Kg4 Nxh7 40. Kf5 Rxa2 41. Kg6 Kg8 0-1